Der spätlatène- und römerzeitliche Brandopferplatz im Forggensee (Gde. Schwangau)
Saved in:
| Main Author: | |
|---|---|
| Document Type: | Book |
| Language: | German |
| Published: |
München
: Beck
, 1999
|
| Series: | Münchner Beiträge zur Vor- und Frühgeschichte
52 |
| Subjects: | |
| Online Access: | Inhaltsverzeichnis Inhaltsverzeichnis |
| Related Items: | Rezensiert in:
[Rezension von: Zanier, Werner, Der spätlatène- und römerzeitliche Brandopferplatz im Forggensee (Gde. Schwangau)] |
| Author Notes: | Werner Zanier. Mit Beitr. von Angela von den Driesch ... |
| LEADER | 05676cam a2201045 c 4500 | ||
|---|---|---|---|
| 001 | 1612358632 | ||
| 003 | DE-627 | ||
| 005 | 20260421194012.0 | ||
| 007 | tu | ||
| 008 | 000814s1999 gw ||||| r 00| ||ger c | ||
| 015 | |a 99,N48,0833 |2 dnb | ||
| 015 | |a 01,A08,1905 |2 dnb | ||
| 016 | 7 | |a 956781314 |2 DE-101 | |
| 020 | |a 3406107524 |9 3-406-10752-4 | ||
| 035 | |a (DE-627)1612358632 | ||
| 035 | |a (DE-603)084327774 | ||
| 035 | |a (DE-576)086575279 | ||
| 035 | |a (DE-599)DNB956781314 | ||
| 035 | |a (OCoLC)260007323 | ||
| 035 | |a (OCoLC)260007323 | ||
| 035 | |a (OCoLC)614676434 | ||
| 040 | |a DE-627 |b ger |c DE-627 |e rakwb | ||
| 041 | |a ger | ||
| 044 | |c XA-DE | ||
| 082 | 0 | |a 936.3 |2 DDCoclc | |
| 084 | |a 60 |a 13 |2 sdnb | ||
| 084 | |a 6,14 |2 ssgn | ||
| 084 | |a NF 1285 |2 rvk |0 (DE-625)rvk/125211:1207 | ||
| 084 | |a NF 4985 |2 rvk |0 (DE-625)rvk/125262:1207 | ||
| 084 | |a 15.19 |2 bkl | ||
| 100 | 1 | |a Zanier, Werner |d 1959- |0 (DE-588)124355862 |0 (DE-627)085808075 |0 (DE-576)169994333 |4 aut | |
| 245 | 1 | 4 | |a Der spätlatène- und römerzeitliche Brandopferplatz im Forggensee (Gde. Schwangau) |c Werner Zanier. Mit Beitr. von Angela von den Driesch ... |
| 246 | 3 | 3 | |a Brandopferplatz Forggensee |
| 263 | |a Gewebe : ca. DM 88.00 | ||
| 264 | 1 | |a München |b Beck |c 1999 | |
| 300 | |a 202, 46 S. |b Ill., Kt. |e 4 Beil. | ||
| 336 | |a Text |b txt |2 rdacontent | ||
| 337 | |a ohne Hilfsmittel zu benutzen |b n |2 rdamedia | ||
| 338 | |a Band |b nc |2 rdacarrier | ||
| 490 | 1 | |a Münchner Beiträge zur Vor- und Frühgeschichte |v 52 | |
| 505 | 8 | |a Literaturverz. S. [195]-197 | |
| 583 | 1 | |a Archivierung/Langzeitarchivierung gewährleistet |f SSG |x XA-DE-BW |2 pdager |5 DE-16 | |
| 583 | 1 | |a Archivierung prüfen |c 20240324 |f DE-4165 |z 1 |2 pdager | |
| 650 | 0 | 7 | |0 (DE-588)4076769-3 |0 (DE-627)104826169 |0 (DE-576)209202866 |a Römerzeit |2 gnd |
| 650 | 0 | 7 | |0 (DE-588)4467830-7 |0 (DE-627)233829369 |0 (DE-576)212742825 |a Brandopfer |2 gnd |
| 650 | 0 | 7 | |0 (DE-588)4033541-0 |0 (DE-627)104578084 |0 (DE-576)209002581 |a Kultstätte |2 gnd |
| 650 | 0 | 7 | |0 (DE-588)4071507-3 |0 (DE-627)104642874 |0 (DE-576)209184205 |a Funde |2 gnd |
| 650 | 0 | 7 | |0 (DE-588)4034668-7 |0 (DE-627)106251546 |0 (DE-576)209008288 |a Latène-Zeit |2 gnd |
| 651 | 7 | |0 (DE-588)4222588-7 |0 (DE-627)105000922 |0 (DE-576)21028241X |a Forggensee |2 gnd | |
| 655 | 7 | |a Verzeichnis |0 (DE-588)4188171-0 |0 (DE-627)105266639 |0 (DE-576)210051078 |2 gnd-content | |
| 689 | 0 | 0 | |d g |0 (DE-588)4222588-7 |0 (DE-627)105000922 |0 (DE-576)21028241X |a Forggensee |2 gnd |
| 689 | 0 | 1 | |d s |0 (DE-588)4076769-3 |0 (DE-627)104826169 |0 (DE-576)209202866 |a Römerzeit |2 gnd |
| 689 | 0 | 2 | |d s |0 (DE-588)4467830-7 |0 (DE-627)233829369 |0 (DE-576)212742825 |a Brandopfer |2 gnd |
| 689 | 0 | 3 | |d s |0 (DE-588)4033541-0 |0 (DE-627)104578084 |0 (DE-576)209002581 |a Kultstätte |2 gnd |
| 689 | 0 | 4 | |d s |0 (DE-588)4071507-3 |0 (DE-627)104642874 |0 (DE-576)209184205 |a Funde |2 gnd |
| 689 | 0 | |5 DE-101 | |
| 689 | 1 | 0 | |d g |0 (DE-588)4222588-7 |0 (DE-627)105000922 |0 (DE-576)21028241X |a Forggensee |2 gnd |
| 689 | 1 | 1 | |d s |0 (DE-588)4034668-7 |0 (DE-627)106251546 |0 (DE-576)209008288 |a Latène-Zeit |2 gnd |
| 689 | 1 | 2 | |d s |0 (DE-588)4467830-7 |0 (DE-627)233829369 |0 (DE-576)212742825 |a Brandopfer |2 gnd |
| 689 | 1 | 3 | |d s |0 (DE-588)4033541-0 |0 (DE-627)104578084 |0 (DE-576)209002581 |a Kultstätte |2 gnd |
| 689 | 1 | 4 | |d s |0 (DE-588)4071507-3 |0 (DE-627)104642874 |0 (DE-576)209184205 |a Funde |2 gnd |
| 689 | 1 | |5 DE-101 | |
| 700 | 1 | |a Driesch, Angela von den |d 1934-2012 |0 (DE-588)121368904 |0 (DE-627)081262329 |0 (DE-576)213684438 |4 oth | |
| 710 | 2 | |a Bayerische Akademie der Wissenschaften |b Kommission zur Vergleichenden Archäologie Römischer Alpen- und Donauländer |0 (DE-588)2178073-0 |0 (DE-627)271585145 |0 (DE-576)197742467 |4 oth | |
| 787 | 0 | 8 | |i Rezensiert in |a Unruh, Frank |t [Rezension von: Zanier, Werner, Der spätlatène- und römerzeitliche Brandopferplatz im Forggensee (Gde. Schwangau)] |d 2000 |w (DE-627)1700597396 |
| 830 | 0 | |a Münchner Beiträge zur Vor- und Frühgeschichte |v 52 |9 52 |w (DE-627)130108480 |w (DE-576)001968734 |w (DE-600)503473-5 |x 0580-1435 |7 am | |
| 856 | 4 | 2 | |u http://d-nb.info/956781314/04 |m V:DE-605 |q application/pdf |3 Inhaltsverzeichnis |7 1 |
| 856 | 4 | 2 | |u http://scans.hebis.de/HEBCGI/show.pl?08432777_toc.pdf |m V:DE-605;X:Imageware |q application/pdf |3 Inhaltsverzeichnis |7 1 |
| 889 | |w (DE-576)48403782X | ||
| 889 | |w (DE-627)305824902 | ||
| 935 | |i mdedup | ||
| 936 | r | v | |a NF 1285 |b Einzelbeiträge |k Geschichte |k Ur- und Frühgeschichte / Prähistorische Archäologie |k Allgemeine und europäische Ur- und Frühgeschichte nach Epochen |k Zeitlich übergreifende Darstellungen |k Europa |k Mitteleuropa (Deutschland, Österreich, Schweiz) |k Deutschland |k Süddeutschland |k Einzelbeiträge |0 (DE-627)1270920049 |0 (DE-625)rvk/125211:1207 |0 (DE-576)200920049 |
| 936 | r | v | |a NF 4985 |b Einzelbeiträge |k Geschichte |k Ur- und Frühgeschichte / Prähistorische Archäologie |k Allgemeine und europäische Ur- und Frühgeschichte nach Epochen |k Römische Kaiserzeit (freies Germanien 0 - 400 n. Chr.) |k Europa |k Mitteleuropa (Deutschland, Österreich, Schweiz) |k Deutschland |k Süddeutschland |k Einzelbeiträge |0 (DE-627)1270883801 |0 (DE-625)rvk/125262:1207 |0 (DE-576)200883801 |
| 936 | b | k | |a 15.19 |j Vor- und Frühgeschichte |q coli-conc RVK->BK |q https://coli-conc.gbv.de/api/mappings/86628ea8-ce7c-4261-a534-79c6ddd79ae8 |0 (DE-627)10640329X |
| 936 | s | n | |a n100 |2 mzub |
| 936 | s | n | |a l200 |2 mzub |
| 936 | s | n | |a b100 |2 mzub |
| 951 | |a BO | ||
| 990 | |a Forggensee | ||
| 990 | |a Römerzeit | ||
| 990 | |a Brandopfer | ||
| 990 | |a Kultstätte | ||
| 990 | |a Funde | ||
| 990 | |a Forggensee | ||
| 990 | |a Latène-Zeit | ||
| 990 | |a Brandopfer | ||
| 990 | |a Kultstätte | ||
| 990 | |a Funde | ||
| 991 | |a Rezensiertes Werk | ||
| 999 | |a KXP-PPN1612358632 |e 4581956013 | ||


